Elements of functional analysis
Αποθηκεύτηκε σε:
| Κύριος συγγραφέας: | |
|---|---|
| Άλλοι συγγραφείς: | |
| Μορφή: | Βιβλίο |
| Γλώσσα: | English |
| Δημοσίευση: |
New York :
Gordon & Breach,
1985.
|
| Σειρά: | Russian monographs and texts on the physical sciences
|
| Θέματα: | |
| Ετικέτες: |
Προσθήκη ετικέτας
Δεν υπάρχουν, Καταχωρήστε ετικέτα πρώτοι!
|
MARC
| LEADER | 00000cam a2200000 i 4500 | ||
|---|---|---|---|
| 001 | 1/40604 | ||
| 008 | 941103s1985 nyu| ||| |||| ||eng|| | ||
| 020 | |a 067720279 | ||
| 035 | |a 1994 |c ΧΑΤΖΗΣΑΒΒΑΣ |l 10041294 | ||
| 040 | |a GR-MyUA |b gre |e AACR2 | ||
| 041 | 0 | |a eng | |
| 082 | 0 | |a 515.7 | |
| 100 | 1 | |a Li︠u︡sternik, L. A. |q (Lazarʹ Aronovich), |d 1899-1981. | |
| 245 | 1 | 0 | |a Elements of functional analysis / |c L.A. Lusternik, V.J. Sobolev. |
| 260 | |a New York : |b Gordon & Breach, |c 1985. | ||
| 300 | |a 411 σ. ; |c 23 εκ. | ||
| 490 | 1 | |a (Russian monographs and texts on the physical sciences) | |
| 504 | |a Περιέχει βιβλιογραφικές αναφορές και ευρετήριο. | ||
| 650 | 0 | 0 | |a Functional analysis. |
| 700 | 1 | |a Sobolev, V. I. |q (Vladimir Ivanovich), |d 1913-1995. | |
| 830 | 0 | |a Russian monographs and texts on the physical sciences | |
| 852 | |a INST |b SAMOS |e 19941103 |h 515.7 LIU |p 005300003329 |q 005300003329 |t BK |y 0 | ||
| 909 | |a Σ |b 034536 | ||